Informática ii /

Guardado en:
Autor Principal: Villafuerte, Ghen
Formato: Libro
Publicado: Buenos Aires : Santillana, 2008
Series:Nuevamente
Materias:
Etiquetas: Agregar Etiqueta
Sin Etiquetas, Sea el primero en etiquetar este registro!
LEADER 00655nam a22002175a 4500
001 CEM.cems013112
005 20090511133724.0
008 130507s2008##################000#0#####d
003 CEMS
020 |a 9789604620686 
082 0 4 |a CD001.64 
100 1 |a Villafuerte, Ghen 
245 1 0 |a Informática ii /  |c Ghen Villafuerte 
260 |a Buenos Aires :  |b  Santillana,  |c 2008 
300 |a 1 CD-ROM 
490 0 |a Nuevamente 
500 |a Acompaña al libro de texto 
653 |a Informática 
653 |a Informática-2do. educación secundaria básica 
653 |a Informática-8º egb 
859 |a CEMS  |b BIB. CEMS - 11 de abril  |h CD001.64  |i V712  |p 2218.44  |t Ej.1  |v II  |3 II